00943nam a22002657a 45000010005000000030006000050050017000110080041000280200015000690400029000840500016001130820011001291000018001402450059001582600054002173000044002714900031003155050008003465200161003545210029005155210020005446500057005646500022006217000034006435282FISKH20260304123141.0241122b cb ||||| |||| 00| 0 eng d a1556614705 aFISKHbengcFISKHdFISKH aPZ7.J132418 a813.54 aJackson, Dave aThe thieves of Tyburn Square /cby Dave & Neta Jackson aMinnepolis : bBethany House Publishers ;c1995 . a141 pages : billustrations ;c21 cm .  aTrailblazer BooksvBook 11 aS  aIn 1817 a teenage brother and sister are relieved from the abuses of Newgate Prison in London by the prison reform efforts of Quaker minister Elizabeth Fry.8 a790 bLexile estimate 8 aS bRaz-Plus  aFry , Eluzabeth Gurney , 1780-1845vJuvenile Fiction aNewgate vFiction aJackson, Julianeillustrator